Brainrot Quiz - GuisQuizzes - Statistics

General Stats
  • This quiz has been taken 19 times
  • The average score is 9 of 25
Answer Stats
Hint Answer % Correct
what suspicious drink can you buy at macdonalds grimace shake
82%
Who is calling ? John Pork
82%
a woman comes up to a bartender and orders a drink because someone is being aggressive, name the drink angel shot
73%
''from the screen, to the ring, to the pen, to the king, wheres my crown thats my ...'' bling
73%
Which shark wears shoes? Tralalero Tralala
73%
what song was played at the tiktok rizz party carnival
64%
What do they give you when you buy a property in egypt the property
55%
And who has killed the person mentioned in the previous question Tim Cheese
55%
''doctor, is he gonna make it ? ...'' prolly not
45%
who does the bartender speak to after blue shirt
36%
''worse than ...'' epstein
36%
who has a tuff nod chopped chin
27%
''whats that ? what a ...'' father
27%
what batman character can beat box jonkler
27%
what is the highest tier in the looksmaxxing community true adam
27%
what is kanyes favorite supermarket aldi
18%
what did luke belmar and tristan tate drink johny walker
18%
who lives in agartha and is dressed in ss uniform logan paul
18%
Which rapper was associated with Quandale Dingle NBA Youngboy
18%
''That was a very expensive ...'' charcuterie board
9%
who died in 2020 and was reincarnated as a robot george droid
9%
what is the name of the song that famous beatbox artist performed music by skippy
9%
which mythical animal is associated with avicii's music smurfcat
9%
who is the acclaimed feminist poet von simon
9%
who is the most famous baltimore rapper bippleyipsnip
0%
No matching quizzes found
Score Distribution
Percent of People with Each Score
Percentile by Number Answered
Your Score History
You have not taken this quiz